000 00335nam a2200145Ia 4500
008 100122s9999 xx 000 0 und d
082 _b67544
_a823
100 _aCOBEN HARLAN
245 _aNO SECOND CHANCE
260 _bSIGNET
_c2003
300 _a420
630 _aNO SECOND CHANCE
730 _aNO SECOND CHANCE
942 _cBOOK
999 _c381044
_d381041